000 00554cam a2200217ua 4500
020 _a81 205 6038 5
_c175.00
041 _aeng
_h
082 _a631.37
_bZEL/MA
100 _aZelenin, A N .
245 _aMachines for moving the earth /
_cA N Zelenin.
_hTextual Documents
250 _a1 /
_b.
260 _aNew Delhi :
_bOxonian Press Pvt Ltd ,
_c1986.
300 _a555 ; .
365 _a175.00
504 _a
700 1 _aBalovnev, V I .
700 1 _aKerov, I P .
942 _cBK
999 _c7378
_d7378